Bilecik Bilecik Bilecik Bilecik Bilecik

Yazarlar, sanatçılar, meşhurlar/ (Record no. 9667)

MARC details
000 -BAŞLIK
Sabit Uzunluktaki Kontrol Alanı 01353nam a22003497a 4500
001 - KONTROL NUMARASI
Control Dosyası 0009695
003 - KONTROL NUMARASI KİMLİĞİ
Kontrol Alanı KOHA_MİRAKIL
005 - EN SON İŞLEM TARİHİ ve ZAMANI
Kontrol Alanı 20260207001718.0
007 - FİZİKSEL TANIM SABİT ALAN - GENEL BİLGİ
Sabit uzunluklu kontrol alanı ta
008 - SABİT UZUNLUKTAKİ VERİ ÖGELERİ - GENEL BİLGİ
Sabit Alan 091023b1999 tu |||gr||||#||||1|tur |
020 ## - ISBN - ULUSLARARASI STANDART KİTAP NUMARASI
Isbn 9754370338
040 ## - KATALOGLAMA KAYNAĞI
Özgün Kataloglama Kurumu TR-BiSEU
Kataloglama Dili tur
Çeviri Kurumu TR-BiSEU
Açıklama Kuralları rda
041 0# - DİL KODU
Metin ya da ses kaydının dil kodu tur
044 ## - YAYINLAYAN/ÜRETEN KURULUŞUN ÜLKE KODU
ISO country code tu
050 ## - SINIFLAMA ve YER NUMARASI
Sınıflama Numarası PL213
Yer Numarası .S24 1999
100 1# - KİŞİ ADI
Yazar Adı (Kişi adı) Safa, Peyami.
245 1# - ESER ADI BİLDİRİMİ
Başlık Yazarlar, sanatçılar, meşhurlar/
Sorumluluk Bildirimi Peyami Safa ; Peyami Safa.
264 #1 - ÜRERİM, YAYIN, DAĞITIM ve TELİF BİLDİRİMİ
Yayın yeri İstanbul :
Yayınlayan Ötüken Yayınevi
Yayın tarihi 1999
300 ## - FİZİKSEL TANIMLAMA
Sayfa, Cilt vb. 240 sayfa; 20 cm.
336 ## - İÇERİK TÜRÜ
Content type term metin
Content type code txt
Source rdacontent
337 ## - MEDYA TÜRÜ
Media type term aracısız
Media type code n
Source rdamedia
338 ## - TAŞIYICI TÜRÜ
Carrier type term cilt
Carrier type code nc
Source rdacarrier
490 1# - DİZİ BİLDİRİMİ
Dizi Bildirimi Ötüken yayınları ;
Cilt Numarası nu.
490 1# - DİZİ BİLDİRİMİ
Dizi Bildirimi 107 .
490 1# - DİZİ BİLDİRİMİ
Dizi Bildirimi Objektif serisi ;
Cilt Numarası 6.
505 ## - İÇİNDEKİLER NOTU
İçindekiler Notu Peyami yalnızca kalemi ile yaşayan ender insanlardandır. Dostluğuna ihtiyaç duyulan, düşmanlığından çekinilen bir şahsiyet olarak yaşadığı dönemin bütün meşhurlarıyla tanışıklığı olmuştur. Yalnızca yerli değil yabancı bir çok mütefekkir ve sanatçı da onun ilgi alanına girmiştir. Yaşandığı dönemin iç yüzüne ışık tutan bir edebî hatırat...
650 #0 - KONU BAŞLIĞI EK GİRİŞ - KONU TERİMİ
Konusal terim veya coğrafi ad Biography.
9 (RLIN) 11328
830 1# - SERİ EK GİRİŞİ - TEKBİÇİM ESER ADI
Tekbiçim Başlık Ötüken yayınları ;
Volume number/sequential designation nu.
9 (RLIN) 6723
830 1# - SERİ EK GİRİŞİ - TEKBİÇİM ESER ADI
Tekbiçim Başlık 107 .
9 (RLIN) 11329
830 1# - SERİ EK GİRİŞİ - TEKBİÇİM ESER ADI
Tekbiçim Başlık Objektif serisi ;
Volume number/sequential designation 6.
9 (RLIN) 11330
942 ## - EK GİRİŞ ÖGELERİ (KOHA)
Source of classification or shelving scheme Library of Congress Classification
Koha item type Book
Holdings
Materyal Türü Kalıcı Konum Mevcut Konum Raf Yeri Sınıflandırma Kaynağı Edinim Bilgisi Ana Konular Alt Konular Yer Numarası Demirbaş Numarası Fatura Tarihi Maliyet, Alış Fiyatı Maliyet, Yenileme Fiyatı Geri Çekilme Durumu Kayıp Durumu Hasarlı Durumu Kredi için değil Kayıt Tarih Toplam Ödünçverme Son Görülme Tarihi Son Kontrol Tarihi Genel / Bağış Notu
Book Prof. Dr. Azmi Özcan Kütüphanesi Prof. Dr. Azmi Özcan Kütüphanesi Birûni Salonu Library of Congress Classification Bağış DİL VE EDEBİYAT Doğu Asya, Afrika, Okyanusya Dilleri ve Edebiyatları PL213 .S24 1999 0009695 13/08/2010 3.50 3.50         23/10/2009 2 05/12/2024 05/12/2024 Ötüken Yayınevi